| 000 | 00759nam a2200241 i 4500 | ||
|---|---|---|---|
| 001 | bg | ||
| 100 | 1 | _aWENDEKER, Mirosław | |
| 245 | 1 | 0 |
_aSterowanie napełnianiem w silniku samochodowym / _cMirosław Wendeker ; Lubelskie Towarzystwo Naukowe, Politechnika Lubelska. |
| 260 |
_aLublin : _bLubelskie Towarzystwo Naukowe, _c1999. |
||
| 300 |
_a300 s. : _bil. ; _c24 cm. |
||
| 504 | _aBibliogr. | ||
| 650 | 9 |
_aSilniki samochodowe _xelektronika |
|
| 650 | 9 | _aUkład paliwowo-wtryskowy | |
| 710 | 0 | _aLubelskie Towarzystwo Naukowe | |
| 710 | 0 | _aPolitechnika Lubelska | |
| 020 | _a8387833134 | ||
| 040 | _cBPK | ||
| 041 | 0 | _apol | |
| 080 | _a629.33:621.43:621.38 | ||
| 920 | _a83-87833-13-4 | ||
| 942 | _cKS | ||
| 008 | s pl f |000 0 pol | ||
| 999 |
_c43879 _d43879 |
||
| 856 |
_uhttp://koha.tu.koszalin.pl/cgi-bin/koha/opac-detail.pl?biblionumber=43879 _yKatalog online BPK |
||